000 00636nam a2200217 i 4500
001 C2-0278161
003 PPAK
005 20180728005911.0
008 070222s xx a|||| ||||| | eng d
040 _aPPAK
_beng
_cPPAK
_erda
082 0 4 _a711.4
_223
090 0 0 _a711.4
_bKED
_dKK
100 0 _aKedah State Development Corporation,
_eauthor
245 1 0 _aMaster Plan Kulim Hi-Tech Industrial Park
_bSupporting technical appendices
300 _a330 pages :
_billustrations ;
_c30 cm
336 _2rdacontent
_atext
337 _2rdamedia
_aunmediated
338 _2rdacarrier
_avolume
650 1 0 _aCity planning
942 _ddc
_cB
999 _c85157
_d85157